000 00534nam a2200217Ia 4500
003 OSt
005 20220928144956.0
006 a|||||r|||| 00| 0
007 ta
008 220927b |||||||| |||| 00| 0 eng d
024 _a77688
037 _cTextual
040 _aSDCL
_cSDCL
_beng
041 _2eng
_aeng
082 _aV236'J3, L3
100 _aChaube J
_9510838
245 0 _aHistory of Gujarat kingdom,1458-1537.
260 _c1973
942 _hV236'J3, L3
_cTEXL
_2CC
999 _c831014
_d831014